The theory of financial decisions

Uloženo v:
Podrobná bibliografie
Hlavní autoři: Haley, Charles W (Autor), Schall, Lawrence D (Autor)
Médium: Kniha
Jazyk:angličtina
Vydáno: Nueva York McGraw-Hill 1973
Edice:McGraw-Hill Series in Finance
Témata:
Tagy: Přidat tag
Žádné tagy, Buďte první, kdo vytvoří štítek k tomuto záznamu!

MARC

LEADER 00000nam a2200000 a 4500
001 UCU6697
003 CL-VaPUC
008 960621e19730000US |||||||||||||||||eng|d
082 0 4 |a 658.15  |b HAL  |2 21 
100 |a Haley, Charles W  |e author  |9 365020 
700 0 |a Schall, Lawrence D  |e author  |9 365021 
245 1 4 |a The theory of financial decisions 
300 |a 383 p 
942 |c BK 
945 |d 19960621 00:00:00  |a paguirre 
260 |a Nueva York  |b McGraw-Hill  |c 1973 
650 0 |a Finanzas  |9 260832 
650 0 |a Administración financiera  |9 261146 
650 0 |a Capital   |9 263726 
650 0 |a Economía   |9 255568 
650 7 |a GASTOS  |2 CL-VaPUC  |9 357995 
650 0 |a Administración  |9 259325 
583 |a last modification  |c 19960621 00:00:00  |k Rodrigo Vera 
490 0 |a McGraw-Hill Series in Finance 
999 |c 249523  |d 249521 
952 |0 0  |1 0  |4 0  |6 658_150000000000000_HAL_1973  |7 0  |8 A  |9 266806  |a BIBING  |b BIBING  |d 2019-11-19  |i 1690027  |o 658.15 HAL 1973  |p 1690027  |r 2025-01-20  |w 2019-11-19  |y BK  |k ING